Investigación social: manual para acompañar a Mark. Capítulo VIII
Сохранить в:
| Главный автор: | |
|---|---|
| Формат: | |
| Язык: | испанский |
| Опубликовано: |
Madrid
De la Torre
1990
|
| Серии: | Proyecto Didáctico Quirón. Programa Filosofía para Niños
|
| Предметы: | |
| Метки: |
Добавить метку
Нет меток, Требуется 1-ая метка записи!
|
MARC
| LEADER | 00000nam a2200000 a 4500 | ||
|---|---|---|---|
| 001 | UCN1844 | ||
| 003 | CL-VaPUC | ||
| 008 | 010504e19900000SP |||||||||||||||||spa|d | ||
| 082 | 0 | 4 | |a 808.0683 |b LIP |2 21 |
| 700 | 0 | |a Sharp, Ann Margaret |e author |9 457313 | |
| 245 | 1 | 0 | |a Investigación social: manual para acompañar a Mark. Capítulo VIII |
| 300 | |a pág. irreg | ||
| 942 | |c BK | ||
| 945 | |d 20010504 00:00:00 |a cmena | ||
| 260 | |a Madrid |b De la Torre |c 1990 | ||
| 500 | |a En forma separada texto: Mark | ||
| 500 | |a Capítulo VIII, ideas principales. 1: La experiencia de lo ya visto. 2: Acontecimientos y sus condiciones. 3: La justicia en sentido de recibir lo que uno merece. 4: ¿Qué son los derechos?. 5: Justicia como la situación en la que se respetan los derechos de cada uno. 6: ¿Se han descubierto todos los derechos?. 7: ¿Existe la justicia?. 8: Justicia como equidad. 9: Injusticia como distribución desigual de la riqueza. 10: ¿Consiste la equidad en tratar a todos igual?. 11: La injusticia como desigualdad de oportunidades. 12: La injusticia provocada porque los empresarios no contribuyen a los gastos de la educación de los hijos. 13: ¿Recibe la gente, de hecho, lo que se merece?. 14: La justicia como garante de las condiciones de la libertad. 15: ¿Existe alguna diferencia entre los adultos y los niños?. 16: Vivir y vivir bien | ||
| 650 | 0 | |a Literatura infantil |9 307465 | |
| 650 | 7 | |a FILOSOFIA PARA NIÑOS |2 CL-VaPUC |9 457314 | |
| 650 | 0 | |a Métodos de enseñanza |9 270413 | |
| 583 | |a last modification |c 20010504 00:00:00 |k Rodrigo Vera | ||
| 490 | 0 | |a Proyecto Didáctico Quirón. Programa Filosofía para Niños | |
| 999 | |c 295069 |d 295067 | ||
| 952 | |0 0 |1 0 |4 0 |6 808_068300000000000_LIP_1990 |7 0 |8 P |9 347972 |a BIBEDU |b BIBEDU |c BIBEDU_PB |d 2019-11-20 |i 3699013 |o 808.0683 LIP 1990 |p 3699013 |r 2024-01-25 |w 2019-11-20 |y BK |k EPE | ||
| 952 | |0 0 |1 0 |4 0 |6 808_068300000000000_LIP_1990 |7 0 |8 P |9 347973 |a BIBEDU |b BIBEDU |c BIBEDU_PB |d 2019-11-20 |i 3723402 |o 808.0683 LIP 1990 |p 3723402 |r 2024-01-25 |w 2019-11-20 |y BK |k EPE | ||